I take thee ...: (Record no. 14641)

000 -LEADER
fixed length control field 00640nam a2200193 a 4500
001 - CONTROL NUMBER
control field :::00012474$&:&@@
003 - CONTROL NUMBER IDENTIFIER
control field OkBaRHE
005 - DATE AND TIME OF LATEST TRANSACTION
control field 20000607103419.0
008 - FIXED-LENGTH DATA ELEMENTS--GENERAL INFORMATION
fixed length control field s1967 j 000 0 eng u
040 ## - CATALOGING SOURCE
Transcribing agency
100 1# - MAIN ENTRY--PERSONAL NAME
Personal name Jaeck, Gordon.
245 10 - TITLE STATEMENT
Title I take thee ...:
Remainder of title the art of successful marriage.
Statement of responsibility, etc Introduction by Eugenia Price.
260 ## - PUBLICATION, DISTRIBUTION, ETC. (IMPRINT)
Place of publication, distribution, etc Grand Rapids, MI., :
Name of publisher, distributor, etc Zondervan Pub. House
Date of publication, distribution, etc c1967
300 ## - PHYSICAL DESCRIPTION
Extent 150, [2] p. ;
Dimensions 21 cm.
650 ## - SUBJECT ADDED ENTRY--TOPICAL TERM
Topical term or geographic name as entry element Marriage
700 ## - ADDED ENTRY--PERSONAL NAME
Personal name Jaeck, Dorothea, Joint author.
942 ## - ADDED ENTRY ELEMENTS (KOHA)
Source of classification or shelving scheme
Koha item type Books
Copies
Date last seen Not for loan Copy number Damaged status Withdrawn status Source of classification or shelving scheme Price effective from Full call number Lost status Barcode Shelving location Permanent Location Koha item type Date acquired
2010-04-14 1   2010-04-14HQ 734 .J33 12474General StacksRHEMA Bible Training CollegeBooks2010-04-14